(UPDATED) Click on the VCT Country - Statistics

General Stats
  • This quiz has been taken 876 times
    189 since last reset
  • The average score is 38 of 48
Answer Stats
Hint Answer % Correct
100 Thieves USA
95%
NRG USA
95%
EDward Gaming China
94%
Made in Brazil Brazil
93%
Evil Geniuses USA
93%
Sentinels USA
93%
DRX South Korea
92%
2GAME Esports Brazil
91%
FURIA Brazil
91%
LOUD Brazil
91%
JD Gaming China
91%
Trace Esports China
91%
GEN.G South Korea
91%
Cloud9 USA
91%
All Gamers China
90%
T1 South Korea
90%
FUT Esports Turkey
90%
Bilibili Gaming China
89%
Nova Esports China
89%
XLG Esports China
89%
Dragon Ranger Gaming China
88%
Titan Esports Club China
88%
TYLOO China
88%
ZETA DIVISION Japan
88%
FunPlus Phoenix China
86%
Karmine Corp France
86%
KRÜ Esports Argentina
85%
Wolves Esports China
84%
Global Esports India
84%
DetonatioN FocusMe Japan
84%
Fnatic UK
84%
Leviatán Argentina
83%
BBL Esports Turkey
83%
Team Vitality France
80%
Gentle Mates France
76%
Paper Rex Singapore
76%
Team Secret Philippines
75%
Nongshim RedForce South korea
75%
Team Heretics Spain
74%
Movistar KOI Spain
70%
BOOM Esports Indonesia
66%
Rex Regum Qeon Indonesia
63%
Natus Vincere Ukraine
63%
GIANTX Spain
51%
Team Liquid Netherlands
39%
Apeks Norway
33%
G2 Esports Germany
25%
Talon Esports Hong Kong
24%
No matching quizzes found
Score Distribution
Percent of People with Each Score
Percentile by Number Answered
Your Score History
You have not taken this quiz since the last reset